000 00599nam a2200205Ia 4500
003 GCL
008 140319s9999 xx 000 0 eng d
020 _a0935755144
040 _aGCL /
_cGCL
082 0 4 _a363.7
_bS A
100 1 _aSIMON, SENATOR PAUL
245 1 0 _aAGENDA 21 :
_bTHE EARTH SUMMIT STRATEGY TO SAVE OUR PLANT /
_cSIMON, SENATOR PAUL
700 1 _aSITARZ, DANIEL
260 _aنيويورك :
_bEARTH PRESS ،
_c1993
300 _a23 CM ؛
_cX, 321 P
650 0 4 _aENVIRONMENTAL POLICY
650 0 4 _aECONOMIC CONDITIONS
650 0 4 _aSUSTIONABLE DEVELOPMENT
942 _2ddc
_cBK
999 _c4609
_d4609